书目信息 |
| 题名: |
语文基础知识
|
|
| 作者: | 宁基 等编 | |
| 分册: | 第四册 | |
| 出版信息: | 北京 人民教育出版社 1981 |
|
| 页数: | 95页 | |
| 开本: | 19cm | |
| 丛书名: | ||
| 单 册: | ||
| 中图分类: | H1-43 , G634.3 | |
| 科图分类: | ||
| 主题词: | 汉语--师范教育--教材 , 教育--各级 | |
| 电子资源: | ||
| ISBN: | ||
| 000 | 00731nam0 2200277 45 | |
| 001 | 0181008749 | |
| 005 | 20040508171333.9 | |
| 010 | @dCNY0.25 | |
| 091 | @aK7012.0259 | |
| 100 | @a19950515d1981 em y0chiy0121 ea | |
| 101 | 0 | @achi |
| 102 | @aCN@b110000 | |
| 105 | @ay z 000yy | |
| 106 | @ar | |
| 200 | 10 | @a语文基础知识@h第四册@Ayu wen ji chu zhi shi@f宁基等编 |
| 210 | @a北京@c人民教育出版社@d1981 | |
| 215 | @a95页@d19cm | |
| 300 | @a中等师范学校语文课本(试用本) | |
| 606 | @a汉语@x师范教育@x教材 | |
| 606 | 0 | @a教育@x各级 |
| 690 | @aH1-43@v3 | |
| 690 | @aG634.3@v3 | |
| 701 | 0 | @a宁基@Aning ji@4等编 |
| 801 | 0 | @aCN@b上海图书馆@c20040508 |
| 801 | 2 | @aCN@bNLC@c20040508 |
| 905 | @dG634.3@e15:4@f3@b99961-963 | |
| 语文基础知识.第四册/宁基等编.-北京:人民教育出版社,1981 |
| 95页;19cm |
| 中等师范学校语文课本(试用本) |
| ISBN :CNY0.25 |
| ● |
| 相关链接 |
|
|
|
|
正题名:语文基础知识
索取号:G634.3/15:4
 
预约/预借
| 序号 | 登录号 | 条形码 | 馆藏地/架位号 | 状态 | 备注 |
| 1 | 0099961 | 000600683 | 密集书库/ [索取号:G634.3/15:4] | 在馆 | |
| 2 | 0099962 | 000600610 | 密集书库/ [索取号:G634.3/15:4] | 在馆 | |
| 3 | 0099963 | 000600629 | 第一样本阅览室/ [索取号:G634.3/15:4] | 在馆 |